Science Quiz

Random Science Quiz

Cat Species Quiz Stats

 Plays Quiz not verified by Sporcle

Also try: The Sporcle Zoo VI
Challenge
Share
Tweet
Embed
Score 0/41 Timer 10:00
0 Plays Today
% Correct
Lion
83.3%
Tiger
81.7%
Leopard
76.7%
Jaguar
71.7%
Cheetah
66.7%
Domestic Cat
63.3%
Bobcat
61.7%
Cougar
60%
Ocelot
58.3%
Snow Leopard
51.7%
Wildcat
43.3%
Clouded Leopard
43.3%
Sand Cat
40%
Serval
40%
Fishing Cat
38.3%
Jaguarundi
38.3%
Caracal
38.3%
Margay
36.7%
Leopard Cat
35%
Canadian Lynx
35%
Eurasian Lynx
35%
% Correct
Iberian Lynx
35%
Chinese Mountain Cat
33.3%
Andean Mountain Cat
33.3%
African Golden Cat
33.3%
Jungle Cat
31.7%
Rusty Spotted Cat
31.7%
Kodkod
31.7%
Pampas Cat
31.7%
Asian Golden Cat
31.7%
Flat-Headed Cat
30%
Bay Cat
30%
Marbled Cat
30%
Black-footed Cat
28.3%
Oncilla
28.3%
Bornean Clouded Leopard
28.3%
Colocolo
26.7%
Geoffroy's Cat
26.7%
Pallas's Cat
25%
Iriomote Cat
23.3%
Pantanal Cat
23.3%

You're not logged in!

Compare scores with friends on all Sporcle quizzes.
OR
Log In

You Might Also Like...

Show Comments

Extras

Created May 3, 2010ReportNominate
Tags:cat

Top Quizzes Today


Score Distribution

Your Account Isn't Verified!

In order to create a playlist on Sporcle, you need to verify the email address you used during registration. Go to your Sporcle Settings to finish the process.

Report this User

Report this user for behavior that violates our Community Guidelines.

Details: